UBT Library

Gazetaria investigative , Mjetet Ligjore dhe Etike (Record no. 60857)

000 -LEADER
fixed length control field 00299nam a22001217a 4500
008 - FIXED-LENGTH DATA ELEMENTS--GENERAL INFORMATION
fixed length control field 260225b ||||| |||| 00| 0 eng d
041 ## - LANGUAGE CODE
Language code of text/sound track or separate title Shqip
080 ## - UNIVERSAL DECIMAL CLASSIFICATION NUMBER
Universal Decimal Classification number 2.1
100 ## - Rafti
Rafti 20.1
101 ## - Shkurtesa
Shkurtesa gaz
245 ## - TITLE STATEMENT
Title Gazetaria investigative , Mjetet Ligjore dhe Etike
Statement of responsibility, etc Mentor Nazarko
942 ## - ADDED ENTRY ELEMENTS (KOHA)
Source of classification or shelving scheme
Item type Books
Holdings
Withdrawn status Lost status Source of classification or shelving scheme Damaged status Not for loan Collection code Permanent location Current location Date acquired Total Checkouts Barcode Date last seen Price effective from Koha item type
          Koleksioni i përgjithshem UBT - Lipjan UBT - Lipjan 02/25/2026   002-800070999443 02/25/2026 02/25/2026 Books
UBT Library © 2015-2024. All rights reserved University Education for Business and Technology